| 000 | 00470nam a2200169Ia 4500 | ||
|---|---|---|---|
| 003 | IN-BaIIA | ||
| 008 | 211028s9999 xx 000 0 eng d | ||
| 040 | _cIIA Library | ||
| 080 |
_a52 _bHAL |
||
| 100 |
_aHale, George Ellery _91165 |
||
| 245 | 4 |
_aThe depths of the universe _cGeorge Ellery Hale |
|
| 260 |
_aNew York _bCharles Scribner's Sons _c1924 |
||
| 300 | _axv, 98p. | ||
| 650 |
_aAstronomy _980 |
||
| 650 | _aAstronomy and astrophysics thesaurus | ||
| 942 | _cBK | ||
| 999 |
_c509 _d509 |
||